Estadísticas para 50 Ciudades Más Pobladas de México

Haz click aquí para tomar la prueba!

Estadísticas generales

  • Esta prueba ha sido tomada 75 veces
  • La puntuación promedio es 28 de 50

Estadísticas de respuestas

PosiciónCiudad% Correcto
1Ciudad de México
100%
9Monterrey
99%
3Guadalajara
96%
21Acapulco
91%
23Cancún
90%
4Puebla
88%
5Juárez
87%
6Tijuana
87%
38Veracruz
85%
7León
84%
14San Luis Potosí
79%
11Chihuahua
79%
16Hermosillo
78%
24Querétaro
78%
32Toluca
78%
18Mexicali
76%
13Mérida
75%
15Aguascalientes
74%
27Morelia
74%
19Culiacán
74%
31Durango
71%
2Ecatepec
69%
26Torreón
68%
17Saltillo
68%
30Tuxtla
63%
8Zapopan
62%
48Cuernavaca
62%
41Mazatlán
59%
45Villahermosa
59%
49Tepic
59%
39Xalapa
57%
10Nezahualcóyotl
49%
28Reynosa
47%
42Irapuato
44%
47Celaya
44%
43Nuevo Laredo
41%
36Matamoros
35%
12Naucalpan
34%
20Guadalupe
28%
37San Nicolás de los Garza
24%
29Tlaquepaque
22%
22Tlalnepantla
19%
35Apodaca
13%
34Cuautitlán Izcalli
13%
25Chimalhuacán
10%
50Ixtapaluca
10%
44Xico
7%
46General Escobedo
4%
33Ciudad López Mateos
4%
40Tonolá
0%

Distribución de puntuación

Porcentaje por número respondido

Porcentaje de gente con cada puntuación

Historial de tus puntuaciones

No has tomado esta prueba